Survival guide to midwifery / by (Record no. 85041)

MARC details
000 -LEADER
fixed length control field 00935cam a2200313 a 4500
001 - CONTROL NUMBER
control field 17001155
003 - CONTROL NUMBER IDENTIFIER
control field CBULib
005 - DATE AND TIME OF LATEST TRANSACTION
control field 20240619131945.0
008 - FIXED-LENGTH DATA ELEMENTS--GENERAL INFORMATION
fixed length control field 111013s2012 stka f 001 0 eng
010 ## - LIBRARY OF CONGRESS CONTROL NUMBER
LC control number 2011042780
020 ## - INTERNATIONAL STANDARD BOOK NUMBER
International Standard Book Number 9780702045868 (pbk)
035 ## - SYSTEM CONTROL NUMBER
System control number (DNLM)101571052
040 ## - CATALOGING SOURCE
Original cataloging agency DNLM/DLC
Transcribing agency DLC
Modifying agency DLC
042 ## - AUTHENTICATION CODE
Authentication code pcc
050 00 - LIBRARY OF CONGRESS CALL NUMBER
Classification number RG951
Item number .S87 2012
060 10 - NATIONAL LIBRARY OF MEDICINE CALL NUMBER
Classification number WQ 165
082 00 - DEWEY DECIMAL CLASSIFICATION NUMBER
Classification number 618.2
Edition number 23
245 00 - TITLE STATEMENT
Title Survival guide to midwifery / by
Statement of responsibility, etc. Diane M. Fraser, Margaret A. Cooper.
250 ## - EDITION STATEMENT
Edition statement 2nd ed.
260 ## - PUBLICATION, DISTRIBUTION, ETC.
Place of publication, distribution, etc. Edinburgh :
Name of publisher, distributor, etc. Churchill Livingstone/Elsevier,
Date of publication, distribution, etc. 2012.
300 ## - PHYSICAL DESCRIPTION
Extent 470 p. :
Other physical details ill. ;
Dimensions 19 cm.
500 ## - GENERAL NOTE
General note Includes index.
650 12 - SUBJECT ADDED ENTRY--TOPICAL TERM
Topical term or geographic name entry element Midwifery
Form subdivision Handbooks.
700 1# - ADDED ENTRY--PERSONAL NAME
Personal name Fraser, Diane.
700 1# - ADDED ENTRY--PERSONAL NAME
Personal name Cooper, Margaret A.
906 ## - LOCAL DATA ELEMENT F, LDF (RLIN)
a 7
b cbc
c orignew
d 1
e ecip
f 20
g y-gencatlg
942 ## - ADDED ENTRY ELEMENTS (KOHA)
Source of classification or shelving scheme
Koha item type MONOGRAPH
Suppress in OPAC No
Holdings
Withdrawn status Lost status Source of classification or shelving scheme Damaged status Not for loan Home library Current library Shelving location Date acquired Total Checkouts Total Renewals Barcode Date last seen Date last checked out Price effective from Koha item type
          CBU-SCHOOL OF MEDICINE LIBRARY, NDOLA. CBU-SCHOOL OF MEDICINE LIBRARY, NDOLA. School of Medicine Collection - Hospital Campus 06/19/2024 2 1 902519 09/24/2024 08/26/2024 06/19/2024 MONOGRAPH